000 00336nam a22001337a 4500
020 _a9789693526639
040 _cNUST
082 _a297.4 AHM
100 _aAhmad Rafiq Akhtar, Prof
_988768
245 _aSar-e-Raah-e-Gahay
260 _aLAHORE:
_bSang E Meel Publications,
_c2013.
650 _aISLAM-SUFISM
_989542
942 _2ddc
_cBK
999 _c587769
_d587769